000 00229nam a2200085Ia 4500
008 180219s9999 xx 000 0 und d
100 _aChaddha Satish C
245 0 _aArt And Scince Of Teaching English
260 _aVinay Rakheja R. Lall Meerut
260 _c2014
999 _c42209
_d42209